LE SSERAFIM - Paroles CRAZY - Statistiques

Statistiques générales
  • Ce quiz a été pris 20 fois
  • Le résultat moyen est 218 sur 313
Statistiques - réponses
Hint Réponse % Correct
the
92%
are
83%
crazy
83%
crazy,
83%
Crazy,
83%
Interlude Crazy,
83%
Interlude Crazy,
83%
girls
83%
Intro Act
75%
All
75%
an
75%
angel
75%
Refrain All
75%
dress
75%
like
75%
da
67%
Da
67%
Da,
67%
Chorus Da,
67%
girling,
67%
girling
67%
girly
67%
and
58%
bestie
58%
I'm
58%
Pikachu
58%
mwah
50%
otaku,
50%
Couplet 2 Back
42%
in
42%
me
42%
super
42%
you
42%
can't
33%
days,
33%
Pré-chorus Galileo
33%
Couplet 1 Yeah,
33%
Pré-chorus Galileo
33%
it's
33%
my
33%
pumping
33%
sassy
33%
stop?
33%
Why
33%
Yeah,
33%
CPR
25%
kiss,
25%
make
17%
candy's
8%
that
8%
Aucun quiz correspondant
Distribution des résultats
% des personnes avec chaque résultat
Percentile par nombre de réponses
Votre historique - résultats
Vous n’avez pas pris ce quiz